000 00916nam0a22002771 4500
001 rc\4060197
005 20260405072549.0
021 _aRU
_b[53-33262]
035 _a(NLR Aleph) 008112286
090 _a9311874
_c9311874
100 _a20130415d1953 |||y0rusy50 ca
101 1 _arus
_cger
102 _aRU
105 _ay z |||a|
200 1 _aБудденброки
_eИстория гибели одного семейства
_eРоман
_fПеревод с нем. [Н. Ман]
210 _aМосква
_cГослитиздат
_d1953
215 _a575 с.
_d23
606 _aБуржуазия в Германии (х. л.)
_2psbo
700 1 _7ca
_8rus
_aМанн
_bТ.
_f1875-1955
_gТомас
_92330
_3RU\NLR\auth\7719257
702 1 _aМан
_bН.
_4730
801 0 _aRU
_bNLR
_gpsbo
801 1 _aRU
_bELAR
_2rusmarc
852 _aNLR
_jЛ60 Г-5/67
852 _aNLR
_jРзф 5/42942
942 _cBOOK
980 _aNB